Variaciones del crecimiento y diámetro de la fibra de lana en la Patagonia desértica /

Guardado en:
Autor Principal: Laporte, Osvaldo J.
Autor Corporativo: Instituto Nacional de Tecnología Agropecuaria (Argentina). Estación Experimental Agropecuaria Trelew.
Formato: Libro
Idioma:Spanish
Publicado: Trelew : INTA EEA Trelew, 1975.
Etiquetas: Agregar Etiqueta
Sin Etiquetas, Sea el primero en etiquetar este registro!
LEADER 00617nam a22001455a 4500
001 EEA.libagro003992
005 20190426121940.0
008 130809s1975####ag#a##########000#0#spa#d
082 0 4 |a 636.314 
100 1 |a Laporte, Osvaldo J. 
245 1 0 |a Variaciones del crecimiento y diámetro de la fibra de lana en la Patagonia desértica /  |c Osvaldo J. Laporte. 
260 |a Trelew :  |b INTA EEA Trelew,  |c 1975. 
300 |a 16 p., [5 h. pleg.] :  |b il. ;  |c 21 cm. 
710 2 |a Instituto Nacional de Tecnología Agropecuaria (Argentina).  |b Estación Experimental Agropecuaria Trelew. 
859 |a AR-BbBCA  |b BIB. AGRONOMIA  |h 636.314  |i L315-1  |p 1988/1230